Online
Catalog

Life and voyages of Chrístopher Columbus / (Record no. 22722)

MARC details
000 -CABECERA
campo de control de longitud fija 00467nam a2200157 a 4500
001 - NÚMERO DE CONTROL
campo de control 000023225
005 - FECHA Y HORA DE LA ÚLTIMA TRANSACCIÓN
campo de control 20200930022054.0
008 - DATOS DE LONGITUD FIJA--INFORMACIÓN GENERAL
campo de control de longitud fija 101130nuuuuuuuunyu 000 0 eng d
040 ## - FUENTE DE LA CATALOGACIÓN
Centro catalogador/agencia de origen DO-SdBNP
Lengua de catalogación eng
Centro/agencia transcriptor BNPHU
082 ## - NÚMERO DE LA CLASIFICACIÓN DECIMAL DEWEY
Número de clasificación nn*
Número de documento/Ítem nn*
049 ## - FONDOS LOCALES (OCLC)
Fondos de biblioteca BNGR
100 1# - ENTRADA PRINCIPAL--NOMBRE DE PERSONA
Nombre de persona Irving, Washington.
9 (RLIN) 47817
245 10 - MENCIÓN DE TÍTULO
Título Life and voyages of Chrístopher Columbus /
Mención de responsabilidad, etc. Washington Irving.
260 ## - PUBLICACIÓN, DISTRIBUCIÓN, ETC.
Lugar de publicación, distribución, etc. New York :
Nombre del editor, distribuidor, etc. Thomas Y. Cromell & Co.,
Fecha de publicación, distribución, etc. [s.f.].
300 ## - DESCRIPCIÓN FÍSICA
Extensión 729 p. :
Otras características físicas il. ;
Dimensiones 21 cm.

No items available.

Powered by Koha